000 00950nac a22002651u 4500
010 _a 2001020899
020 _a0702026174
020 _a0702026182 (intl. stud. ed.)
035 _a(DNLM)101091070
082 0 0 _a615.321
_bEv151
090 _c3092
_d3092
100 _aEvans, William Charles
245 1 0 _aTrease and Evans' pharmacognosy /
_cWilliam Charles Evans.
246 3 0 _aPharmacognosy
250 _a15th ed. /
_brevised with the assistance of Daphne Evans.
260 _aEdinburgh ;
_aNew York :
_bWB Saunders,
_c2002.
300 _aviii, 585 p. :
_bill. ;
_c29 cm.
504 _aIncludes bibliographical references and index.
650 0 _aPharmacognosy.
650 0 _aPharmacognosy.
700 1 _aTrease, George Edward,
_d1902-
700 1 _aEvans, Daphne.
942 _cBB
_k615.321Ev151
999 _c3092
_d3092